[Event "Voronezh Region-ch Seniors"]
[Site "Voronezh"]
[Date "2008.11.25"]
[Round "7"]
[White "Ajrapetian, Nikita"]
[Black "Kaverin, Boris"]
[Result "1/2-1/2"]
[WhiteElo "2051"]
[BlackElo "2114"]
[PlyCount "133"]
[EventDate "2008.11.18"]
[EventType "swiss"]
[EventRounds "9"]
[EventCountry "RUS"]
[SourceTitle "EXT 2010"]
[Source "ChessBase"]
[SourceDate "2010.11.25"]
[SourceVersion "1"]
[SourceVersionDate "2010.11.25"]
[SourceQuality "1"]

1. d4 Nf6 2. c4 c5 3. d5 e6 4. Nc3 exd5 5. cxd5 d6 6. e4 g6 7. Bd3 a6 8. a4 Bg7 9. Nge2 0-0 10. 0-0 Qc7 11. h3 Nbd7 12. Be3 Re8 13. Ng3 Rb8 14. Qe2 Ne5 15. f4 Nxd3 16. Qxd3 Nxe4 17. Ncxe4 f5 18. Nf2 Bxb2 19. Rab1 Bf6 20. Rfc1 Bd7 21. Bd4 Bh4 22. Ba1 Kf7 23. Qc3 Rg8 24. Qf3 Qa5 25. Rc4 b5 26. axb5 axb5 27. Rc2 b4 28. Nf1 b3 29. Re2 c4 30. Bc3 Qc5 31. g3 Bd8 32. Rbe1 Rb5 33. Ne3 Re8 34. Nxf5 Qxd5 35. Qxd5+ Rxd5 36. Rxe8 Bxe8 37. Ne3 Rc5 38. Ne4 Rc6 39. Nxc4 Bc7 40. Ned2 Bd7 41. Ba5 Bb8 42. Kh2 Be6 43. Na3 Ba7 44. Nab1 Bd4 45. g4 b2 46. Re4 Bg7 47. Rb4 Rc1 48. Rb7+ Kg8 49. Rb8+ Kf7 50. Rb7+ Kg8 51. Rb8+ Kf7 52. Kg2 Bd4 53. Kf3 Rh1 54. Ke4 Bg7 55. Bc3 d5+ 56. Kd3 Rxh3+ 57. Kc2 Bxc3 58. Nxc3 Bxg4 59. Nxd5 b1Q+ 60. Nxb1 Bf5+ 61. Kb2 Bxb1 62. Kxb1 Ke6 63. Nc7+ Kf5 64. Rf8+ Kg4 65. Kc2 Re3 66. Kd2 Re7 67. Nb5 1/2-1/2

[Event "Lysenko Memorial op"]
[Site "Liski"]
[Date "2008.04.08"]
[Round "8"]
[White "Kaverin, Boris"]
[Black "Khashimov, Vasily"]
[Result "1/2-1/2"]
[WhiteElo "2095"]
[BlackElo "2201"]
[PlyCount "26"]
[EventDate "2008.04.04"]
[EventType "swiss"]
[EventRounds "9"]
[EventCountry "RUS"]
[SourceTitle "EXT 2022"]
[Source "ChessBase"]
[SourceDate "2021.10.06"]
[SourceVersion "1"]
[SourceVersionDate "2021.10.06"]
[SourceQuality "1"]

1. c4 e5 2. Nc3 Nf6 3. Nf3 Nc6 4. g3 d6 5. d4 exd4 6. Nxd4 Ne5 7. Bg2 Be7 8. 0-0 0-0 9. b3 c6 10. Bb2 Qc7 11. Rc1 a6 12. Qd2 h6 13. e4 Rd8 1/2-1/2

[Event "Lysenko Memorial op"]
[Site "Liski"]
[Date "2008.04.05"]
[Round "1"]
[White "Kaverin, Boris"]
[Black "Grigorian, Vardan"]
[Result "1/2-1/2"]
[WhiteElo "2095"]
[BlackElo "2276"]
[PlyCount "29"]
[EventDate "2008.04.04"]
[EventType "swiss"]
[EventRounds "9"]
[EventCountry "RUS"]
[SourceTitle "EXT 2022"]
[Source "ChessBase"]
[SourceDate "2021.10.06"]
[SourceVersion "1"]
[SourceVersionDate "2021.10.06"]
[SourceQuality "1"]

1. c4 c6 2. d4 d5 3. cxd5 cxd5 4. Nc3 Nf6 5. Nf3 Nc6 6. Bf4 Bf5 7. e3 a6 8. Bd3 Bxd3 9. Qxd3 e6 10. 0-0 Be7 11. Rac1 Nh5 12. Be5 f6 13. Bg3 Nxg3 14. hxg3 f5 15. Na4 1/2-1/2